[Event "GER-chW Blitz 2019"]
[Site "Magdeburg"]
[Date "2019.05.25"]
[Round "16.3"]
[White "Sieber, Fiona"]
[Black "Gheng, Simona"]
[Result "1/2-1/2"]
[WhiteElo "2250"]
[BlackElo "1991"]
[Annotator "NA"]
[PlyCount "129"]
[EventDate "2019.05.25"]
[EventType "tourn"]
[EventCountry "GER"]
[SourceTitle "playchess.com"]
[Source "ChessBase"]
[SourceQuality "1"]
[TimeControl "180+2"]

1. e4 {[%emt 0:00:00]} c5 {[%emt 0:00:00]} 2. Nf3 {[%emt 0:00:00]} d6 {[%emt 0:00:00]} 3. d4 {[%emt 0:00:02]} cxd4 {[%emt 0:00:00]} 4. Nxd4 {[%emt 0:00:01]} Nf6 {[%emt 0:00:00]} 5. Nc3 {[%emt 0:00:01]} g6 {[%emt 0:00:01]} 6. Be3 {[%emt 0:00:05]} Bg7 {[%emt 0:00:01]} 7. f3 {[%emt 0:00:02]} Nc6 {[%emt 0:00:01]} 8. Qd2 {[%emt 0:00:06]} O-O {[%emt 0:00:02]} 9. g4 {[%emt 0:00:01]} h5 {[%emt 0:00:03]} 10. gxh5 {[%emt 0:00:15]} Nxh5 {[%emt 0:00:01]} 11. O-O-O {[%emt 0:00:08]} Nxd4 {[%emt 0:00:14]} 12. Bxd4 {[%emt 0:00:01]} Bxd4 {[%emt 0:00:00]} 13. Qxd4 {[%emt 0:00:02]} Qa5 {[%emt 0:00:02]} 14. Kb1 {[%emt 0:00:06]} Be6 {[%emt 0:00:07]} 15. Nd5 {[%emt 0:00:18]} Bxd5 {[%emt 0:00:02]} 16. exd5 {[%emt 0:00:03]} Rac8 {[%emt 0:00:06]} 17. f4 {[%emt 0:00:15]} Qc5 {[%emt 0:00:07]} 18. Qd2 {[%emt 0:00:14]} Nxf4 {[%emt 0:00:08]} 19. c3 {[%emt 0:00:25]} Nh5 {[%emt 0:00:13]} 20. Be2 {[%emt 0:00:03]} Nf6 {[%emt 0:00:04]} 21. h4 {[%emt 0:00:02]} Kg7 {[%emt 0:00:33]} 22. h5 {[%emt 0:00:02]} Rh8 {[%emt 0:00:01]} 23. hxg6 {[%emt 0:00:07]} fxg6 {[%emt 0:00:04]} 24. Bf3 {[%emt 0:00:30]} Qc4 {[%emt 0:00:19]} 25. Rhg1 {[%emt 0:00:04]} Rh6 {[%emt 0:00:18]} 26. Qe3 {[%emt 0:00:08]} Qc7 {[%emt 0:00:29]} 27. Rde1 {[%emt 0:00:03]} Rf8 {[%emt 0:00:13]} 28. Qxa7 {[%emt 0:00:09]} Nh5 {[%emt 0:00:13]} 29. Qd4+ {[%emt 0:00:05]} Rf6 {[%emt 0:00:10]} 30. Bxh5 {[%emt 0:00:02]} Rxh5 {[%emt 0:00:01]} 31. Re6 {[%emt 0:00:02]} Rhf5 {[%emt 0:00:03]} 32. Rge1 {[%emt 0:00:05]} Re5 {[%emt 0:00:06]} 33. R6xe5 {[%emt 0:00:04]} dxe5 {[%emt 0:00:00]} 34. Qxe5 {[%emt 0:00:02]} Qxe5 {[%emt 0:00:01]} 35. Rxe5 {[%emt 0:00:01]} Kf7 {[%emt 0:00:00]} 36. Kc2 {[%emt 0:00:08]} Rb6 {[%emt 0:00:01]} 37. b4 {[%emt 0:00:01]} Kf6 {[%emt 0:00:01]} 38. Re2 {[%emt 0:00:04]} g5 {[%emt 0:00:01]} 39. a3 {[%emt 0:00:03]} g4 {[%emt 0:00:02]} 40. c4 {[%emt 0:00:02]} e6 {[%emt 0:00:04]} 41. c5 {[%emt 0:00:10]} Ra6 {[%emt 0:00:03]} 42. dxe6 {[%emt 0:00:06]} Rxe6 {[%emt 0:00:01]} 43. Rg2 {[%emt 0:00:03]} Kf5 {[%emt 0:00:01]} 44. Kd3 {[%emt 0:00:04]} Kf4 {[%emt 0:00:01]} 45. b5 {[%emt 0:00:02]} Kf3 {[%emt 0:00:00]} 46. Rg1 {[%emt 0:00:02]} Re5 {[%emt 0:00:01]} 47. Kd4 {[%emt 0:00:01]} Re7 {[%emt 0:00:02]} 48. a4 {[%emt 0:00:02]} g3 {[%emt 0:00:02]} 49. a5 {[%emt 0:00:01]} Kf2 {[%emt 0:00:01]} 50. Ra1 {[%emt 0:00:02]} Rd7+ {[%emt 0:00:02]} 51. Ke5 {[%emt 0:00:01]} g2 {[%emt 0:00:02]} 52. Ke6 {[%emt 0:00:01]} Rd2 {[%emt 0:00:02]} 53. c6 {[%emt 0:00:01]} bxc6 {[%emt 0:00:02]} 54. bxc6 {[%emt 0:00:01]} g1=Q {[%emt 0:00:01]} 55. Rxg1 {[%emt 0:00:01]} Kxg1 {[%emt 0:00:01]} 56. c7 {[%emt 0:00:01]} Rc2 {[%emt 0:00:03]} 57. Kd7 {[%emt 0:00:01]} Rd2+ {[%emt 0:00:01]} 58. Kc6 {[%emt 0:00:02]} Rc2+ {[%emt 0:00:01]} 59. Kb7 {[%emt 0:00:02]} Rb2+ {[%emt 0:00:00]} 60. Ka7 {[%emt 0:00:02]} Rc2 {[%emt 0:00:01]} 61. Kb8 {[%emt 0:00:04]} Rb2+ {[%emt 0:00:01]} 62. Kc8 {[%emt 0:00:05]} Ra2 {[%emt 0:00:01]} 63. Kb8 {[%emt 0:00:03]} Rb2+ {[%emt 0:00:00]} 64. Ka7 {[%emt 0:00:09]} Rc2 {[%emt 0:00:01]} 65. Kb8 {[%emt 0:00:01]} 1/2-1/2

[Event "GER-chW Blitz 2019"]
[Site "Magdeburg"]
[Date "2019.05.25"]
[Round "16.4"]
[White "Osmanodja, Filiz"]
[Black "Kopylov, Luba"]
[Result "1-0"]
[WhiteElo "2260"]
[BlackElo "2078"]
[Annotator "NA"]
[PlyCount "87"]
[EventDate "2019.05.25"]
[EventType "tourn"]
[EventCountry "GER"]
[SourceTitle "playchess.com"]
[Source "ChessBase"]
[SourceQuality "1"]
[TimeControl "180+2"]

1. e4 {[%emt 0:00:00]} c5 {[%emt 0:00:00]} 2. Nc3 {[%emt 0:00:01]} d6 {[%emt 0:00:01]} 3. Nf3 {[%emt 0:00:01]} Nf6 {[%emt 0:00:03]} 4. d4 {[%emt 0:00:00]} cxd4 5. Nxd4 g6 {[%emt 0:00:03]} 6. Be2 {[%emt 0:00:05]} Bg7 {[%emt 0:00:02]} 7. O-O {[%emt 0:00:02]} O-O {[%emt 0:00:02]} 8. Bg5 {[%emt 0:00:01]} Nc6 {[%emt 0:00:03]} 9. Nb3 {[%emt 0:00:01]} Be6 {[%emt 0:00:09]} 10. Re1 {[%emt 0:00:00]} Rc8 {[%emt 0:00:05]} 11. Bf1 {[%emt 0:00:01]} Ne5 {[%emt 0:00:07]} 12. Nd5 {[%emt 0:00:04]} Nxd5 {[%emt 0:00:25]} 13. exd5 {[%emt 0:00:02]} Bf5 {[%emt 0:00:02]} 14. c3 {[%emt 0:00:05]} f6 {[%emt 0:00:06]} 15. Bf4 {[%emt 0:00:07]} Nc4 {[%emt 0:00:09]} 16. Qe2 {[%emt 0:00:13]} Re8 {[%emt 0:00:12]} 17. Nd4 {[%emt 0:00:07]} Bd7 {[%emt 0:00:06]} 18. b3 {[%emt 0:00:29]} Ne5 {[%emt 0:00:04]} 19. c4 {[%emt 0:00:07]} Qb6 {[%emt 0:00:14]} 20. Rad1 {[%emt 0:00:26]} Bg4 {[%emt 0:00:09]} 21. f3 {[%emt 0:00:05]} Bd7 {[%emt 0:00:12]} 22. Be3 {[%emt 0:00:14]} Qa6 {[%emt 0:00:06]} 23. Qf2 {[%emt 0:00:03]} f5 {[%emt 0:00:09]} 24. h3 {[%emt 0:00:26]} Qa5 {[%emt 0:00:09]} 25. f4 {[%emt 0:00:04]} Nf7 {[%emt 0:00:06]} 26. Re2 {[%emt 0:00:22]} Nd8 {[%emt 0:00:08]} 27. Rde1 {[%emt 0:00:01]} e5 {[%emt 0:00:22]} 28. dxe6 {[%emt 0:00:04]} Nxe6 {[%emt 0:00:06]} 29. Nxe6 {[%emt 0:00:07]} Rxe6 {[%emt 0:00:01]} 30. Bd2 {[%emt 0:00:22]} Rxe2 {[%emt 0:00:06]} 31. Rxe2 {[%emt 0:00:04]} Qxa2 {[%emt 0:00:06]} 32. Qf3 {[%emt 0:00:07]} Bd4+ {[%emt 0:00:06]} 33. Kh2 {[%emt 0:00:01]} Bc6 {[%emt 0:00:03]} 34. Qd3 {[%emt 0:00:03]} Bc5 {[%emt 0:00:04]} 35. Be1 {[%emt 0:00:06]} Qa3 {[%emt 0:00:05]} 36. Bh4 {[%emt 0:00:03]} Qc1 {[%emt 0:00:02]} 37. Re7 {[%emt 0:00:04]} Qxf4+ {[%emt 0:00:02]} 38. Bg3 {[%emt 0:00:01]} Qg5 {[%emt 0:00:02]} 39. Qe2 {[%emt 0:00:04]} Be4 {[%emt 0:00:02]} 40. Rd7 {[%emt 0:00:02]} Re8 {[%emt 0:00:04]} 41. Qb2 {[%emt 0:00:02]} Re7 {[%emt 0:00:04]} 42. Rd8+ {[%emt 0:00:01]} Kf7 {[%emt 0:00:02]} 43. Qh8 {[%emt 0:00:02]} Qf6 {[%emt 0:00:04]} 44. Qg8# {[%emt 0:00:01]} 1-0

[Event "GER-chW Blitz 2019"]
[Site "Magdeburg"]
[Date "2019.05.25"]
[Round "16.5"]
[White "Michna, Marta"]
[Black "Zimmer, Elke"]
[Result "1-0"]
[WhiteElo "2355"]
[BlackElo "1926"]
[Annotator "NA"]
[PlyCount "95"]
[EventDate "2019.05.25"]
[EventType "tourn"]
[EventCountry "GER"]
[SourceTitle "playchess.com"]
[Source "ChessBase"]
[SourceQuality "1"]
[TimeControl "180+2"]

1. Nf3 {[%emt 0:00:00]} Nc6 {[%emt 0:00:00]} 2. g3 {[%emt 0:00:00]} e5 3. d3 d5 {[%emt 0:00:04]} 4. Bg2 {[%emt 0:00:02]} Nf6 {[%emt 0:00:01]} 5. O-O {[%emt 0:00:02]} h6 {[%emt 0:00:02]} 6. Nbd2 {[%emt 0:00:01]} Be6 {[%emt 0:00:02]} 7. e4 {[%emt 0:00:01]} d4 {[%emt 0:00:04]} 8. h3 {[%emt 0:00:12]} Qd7 {[%emt 0:00:02]} 9. Kh2 {[%emt 0:00:00]} Be7 {[%emt 0:00:01]} 10. Ne1 {[%emt 0:00:08]} g5 {[%emt 0:00:01]} 11. a3 {[%emt 0:00:08]} h5 {[%emt 0:00:01]} 12. f4 {[%emt 0:01:26]} gxf4 {[%emt 0:00:01]} 13. gxf4 {[%emt 0:00:01]} exf4 {[%emt 0:00:27]} 14. Ndf3 {[%emt 0:00:01]} Ng4+ {[%emt 0:00:08]} 15. hxg4 {[%emt 0:00:02]} hxg4+ {[%emt 0:00:00]} 16. Kg1 {[%emt 0:00:01]} gxf3 {[%emt 0:00:05]} 17. Qxf3 {[%emt 0:00:25]} O-O-O {[%emt 0:00:11]} 18. Bxf4 {[%emt 0:00:06]} Bg4 {[%emt 0:00:02]} 19. Qf2 {[%emt 0:00:11]} Rhg8 {[%emt 0:00:12]} 20. b4 {[%emt 0:00:03]} Bd6 {[%emt 0:00:02]} 21. Bxd6 {[%emt 0:00:09]} Qxd6 {[%emt 0:00:03]} 22. Qf4 {[%emt 0:00:00]} Ne5 {[%emt 0:00:11]} 23. Rf2 {[%emt 0:00:10]} Rh8 {[%emt 0:00:03]} 24. Qf6 {[%emt 0:00:10]} Be6 {[%emt 0:00:09]} 25. Qf4 {[%emt 0:00:03]} Rdg8 {[%emt 0:00:08]} 26. Kf1 {[%emt 0:00:01]} Bh3 {[%emt 0:00:17]} 27. Bxh3+ {[%emt 0:00:02]} Rxh3 {[%emt 0:00:07]} 28. Qf5+ {[%emt 0:00:01]} Qd7 {[%emt 0:00:01]} 29. Qxd7+ Kxd7 {[%emt 0:00:01]} 30. Ke2 {[%emt 0:00:03]} Re3+ {[%emt 0:00:06]} 31. Kd2 {[%emt 0:00:01]} Rg1 {[%emt 0:00:03]} 32. c3 {[%emt 0:00:03]} Nf3+ {[%emt 0:00:18]} 33. Nxf3 {[%emt 0:00:07]} Rxa1 {[%emt 0:00:03]} 34. Nxd4 {[%emt 0:00:01]} Rh3 {[%emt 0:00:03]} 35. Rxf7+ {[%emt 0:00:03]} Ke8 36. Rf3 Rh2+ 37. Ke3 Rh4 38. e5 {[%emt 0:00:00]} Re1+ {[%emt 0:00:12]} 39. Kf2 {[%emt 0:00:00]} Rhh1 {[%emt 0:00:04]} 40. e6 {[%emt 0:00:00]} Ref1+ {[%emt 0:00:03]} 41. Ke3 {[%emt 0:00:00]} Re1+ {[%emt 0:00:02]} 42. Kf4 {[%emt 0:00:00]} Rh4+ {[%emt 0:00:02]} 43. Kg5 {[%emt 0:00:00]} Rh8 {[%emt 0:00:02]} 44. Nf5 {[%emt 0:00:00]} Rg1+ {[%emt 0:00:06]} 45. Kf4 {[%emt 0:00:00]} Rf8 {[%emt 0:00:02]} 46. d4 {[%emt 0:00:01]} Rg5 {[%emt 0:00:02]} 47. Kxg5 {[%emt 0:00:01]} Rg8+ {[%emt 0:00:00]} 48. Kf4 {[%emt 0:00:01]} 1-0

[Event "GER-chW Blitz 2019"]
[Site "Magdeburg"]
[Date "2019.05.25"]
[Round "16.6"]
[White "Muetsch, Annmarie"]
[Black "Mader, Lena"]
[Result "1-0"]
[WhiteElo "2266"]
[BlackElo "1839"]
[Annotator "NA"]
[PlyCount "45"]
[EventDate "2019.05.25"]
[EventType "tourn"]
[EventCountry "GER"]
[SourceTitle "playchess.com"]
[Source "ChessBase"]
[SourceQuality "1"]
[TimeControl "180+2"]

1. e4 {[%emt 0:00:00]} c6 {[%emt 0:00:00]} 2. Nc3 {[%emt 0:00:04]} d5 {[%emt 0:00:00]} 3. Nf3 {[%emt 0:00:01]} d4 {[%emt 0:00:08]} 4. Ne2 {[%emt 0:00:02]} c5 {[%emt 0:00:07]} 5. c3 {[%emt 0:00:02]} d3 {[%emt 0:00:14]} 6. Nf4 {[%emt 0:00:04]} c4 {[%emt 0:00:07]} 7. Qa4+ {[%emt 0:00:04]} Nc6 {[%emt 0:00:37]} 8. Qxc4 {[%emt 0:00:03]} e5 {[%emt 0:00:45]} 9. Nxd3 {[%emt 0:00:10]} Be6 {[%emt 0:00:04]} 10. Qa4 {[%emt 0:00:02]} Bd7 {[%emt 0:00:13]} 11. Qc2 {[%emt 0:00:04]} Bd6 {[%emt 0:00:05]} 12. b4 {[%emt 0:00:13]} a6 {[%emt 0:00:02]} 13. Be2 {[%emt 0:00:09]} Nf6 {[%emt 0:00:01]} 14. Nb2 {[%emt 0:00:01]} O-O {[%emt 0:00:02]} 15. O-O {[%emt 0:00:04]} b5 {[%emt 0:00:10]} 16. d3 {[%emt 0:00:14]} Rc8 {[%emt 0:00:15]} 17. Qd1 {[%emt 0:00:02]} Nh5 {[%emt 0:00:26]} 18. a4 {[%emt 0:00:26]} Nf4 {[%emt 0:00:12]} 19. Bxf4 {[%emt 0:00:02]} exf4 {[%emt 0:00:01]} 20. d4 {[%emt 0:00:02]} Bg4 21. e5 Bb8 22. axb5 axb5 23. Bxb5 1-0

[Event "GER-chW Blitz 2019"]
[Site "Magdeburg"]
[Date "2019.05.25"]
[Round "16.7"]
[White "Siegl, Melina"]
[Black "Braje, Monika"]
[Result "1-0"]
[WhiteElo "2029"]
[BlackElo "1781"]
[Annotator "NA"]
[PlyCount "39"]
[EventDate "2019.05.25"]
[EventType "tourn"]
[EventCountry "GER"]
[SourceTitle "playchess.com"]
[Source "ChessBase"]
[SourceQuality "1"]
[TimeControl "180+2"]

1. e4 {[%emt 0:00:00]} d5 {[%emt 0:00:00]} 2. exd5 {[%emt 0:00:00]} Nf6 {[%emt 0:00:00]} 3. d4 {[%emt 0:00:02]} Nxd5 {[%emt 0:00:00]} 4. c4 {[%emt 0:00:09]} Nb6 {[%emt 0:00:00]} 5. Nc3 e5 6. d5 {[%emt 0:00:05]} Bb4 {[%emt 0:00:02]} 7. Bd2 {[%emt 0:00:03]} O-O {[%emt 0:00:02]} 8. Bd3 {[%emt 0:00:09]} f5 {[%emt 0:00:05]} 9. a3 {[%emt 0:00:21]} Bxc3 {[%emt 0:00:02]} 10. Bxc3 {[%emt 0:00:01]} e4 {[%emt 0:00:02]} 11. Be2 {[%emt 0:00:01]} Qg5 {[%emt 0:00:12]} 12. Nh3 {[%emt 0:00:22]} Qh6 {[%emt 0:00:10]} 13. O-O {[%emt 0:00:10]} f4 {[%emt 0:00:17]} 14. Bg4 {[%emt 0:00:01]} Nxc4 {[%emt 0:00:23]} 15. Bxc8 {[%emt 0:00:05]} Rxc8 {[%emt 0:00:01]} 16. Qg4 {[%emt 0:00:08]} Rf8 {[%emt 0:00:04]} 17. Rac1 {[%emt 0:00:17]} Nd6 {[%emt 0:00:02]} 18. Be5 {[%emt 0:00:10]} f3 {[%emt 0:00:05]} 19. Rxc7 {[%emt 0:00:06]} fxg2 {[%emt 0:00:14]} 20. Rxg7+ {[%emt 0:00:10]} 1-0

[Event "GER-chW Blitz 2019"]
[Site "Magdeburg"]
[Date "2019.05.25"]
[Round "16.8"]
[White "Hofmann, Karina"]
[Black "Schulze, Lara"]
[Result "0-1"]
[WhiteElo "1700"]
[BlackElo "2160"]
[Annotator "NA"]
[PlyCount "78"]
[EventDate "2019.05.25"]
[EventType "tourn"]
[EventCountry "GER"]
[SourceTitle "playchess.com"]
[Source "ChessBase"]
[SourceQuality "1"]
[TimeControl "180+2"]

1. f4 {[%emt 0:00:00]} d5 {[%emt 0:00:00]} 2. Nf3 {[%emt 0:00:00]} Bg4 {[%emt 0:00:00]} 3. e3 {[%emt 0:00:03]} Nd7 {[%emt 0:00:01]} 4. b3 {[%emt 0:00:02]} e5 {[%emt 0:00:07]} 5. h3 {[%emt 0:00:09]} Bxf3 {[%emt 0:00:08]} 6. Qxf3 {[%emt 0:00:02]} c6 {[%emt 0:00:01]} 7. Bb2 {[%emt 0:00:07]} Bd6 {[%emt 0:00:01]} 8. d3 {[%emt 0:00:12]} Ne7 {[%emt 0:00:09]} 9. Nd2 {[%emt 0:00:03]} f6 {[%emt 0:00:05]} 10. O-O-O {[%emt 0:00:04]} Qc7 {[%emt 0:00:12]} 11. f5 {[%emt 0:00:02]} O-O-O {[%emt 0:00:16]} 12. g4 {[%emt 0:00:01]} h5 {[%emt 0:00:07]} 13. Bg2 {[%emt 0:00:02]} hxg4 {[%emt 0:00:14]} 14. hxg4 {[%emt 0:00:01]} a5 {[%emt 0:00:04]} 15. Rhg1 {[%emt 0:00:16]} a4 {[%emt 0:00:18]} 16. e4 {[%emt 0:00:02]} Kb8 {[%emt 0:00:12]} 17. Qf2 {[%emt 0:00:07]} Bc5 {[%emt 0:00:03]} 18. d4 {[%emt 0:00:05]} Ba7 {[%emt 0:00:10]} 19. c3 {[%emt 0:00:13]} exd4 {[%emt 0:00:19]} 20. cxd4 {[%emt 0:00:02]} dxe4 {[%emt 0:00:01]} 21. Nxe4 {[%emt 0:00:06]} Nd5 {[%emt 0:00:01]} 22. Kb1 {[%emt 0:00:12]} axb3 {[%emt 0:00:12]} 23. axb3 {[%emt 0:00:04]} Qb6 {[%emt 0:00:11]} 24. Nc5 {[%emt 0:00:14]} Nxc5 {[%emt 0:00:06]} 25. dxc5 {[%emt 0:00:01]} Qxc5 {[%emt 0:00:06]} 26. Qg3+ {[%emt 0:00:13]} Ka8 {[%emt 0:00:00]} 27. Rc1 {[%emt 0:00:07]} Qe3 {[%emt 0:00:12]} 28. Qf3 {[%emt 0:00:39]} Qxf3 {[%emt 0:00:03]} 29. Bxf3 {[%emt 0:00:02]} Bxg1 {[%emt 0:00:01]} 30. Rxg1 {[%emt 0:00:02]} Rh3 {[%emt 0:00:11]} 31. Bxd5 {[%emt 0:00:02]} Rxd5 {[%emt 0:00:00]} 32. Ka2 {[%emt 0:00:02]} Rh2 {[%emt 0:00:02]} 33. Ka3 {[%emt 0:00:02]} Ra5+ {[%emt 0:00:01]} 34. Kb4 {[%emt 0:00:01]} Rb5+ {[%emt 0:00:03]} 35. Kc4 {[%emt 0:00:02]} Rxb2 {[%emt 0:00:02]} 36. Re1 {[%emt 0:00:02]} R2xb3 {[%emt 0:00:02]} 37. Re8+ {[%emt 0:00:02]} Ka7 {[%emt 0:00:01]} 38. Re7 {[%emt 0:00:01]} Kb6 {[%emt 0:00:03]} 39. Rxg7 {[%emt 0:00:05]} R5b4# {[%emt 0:00:01] Kd4} 0-1

[Event "GER-chW Blitz 2019"]
[Site "Magdeburg"]
[Date "2019.05.25"]
[Round "16.9"]
[White "Birkholz, Olga"]
[Black "Kushka, Alena"]
[Result "1-0"]
[WhiteElo "2031"]
[BlackElo "2148"]
[Annotator "NA"]
[PlyCount "55"]
[EventDate "2019.05.25"]
[EventType "tourn"]
[EventCountry "GER"]
[SourceTitle "playchess.com"]
[Source "ChessBase"]
[SourceQuality "1"]
[TimeControl "180+2"]

1. e4 {[%emt 0:00:00]} c5 {[%emt 0:00:00]} 2. b3 {[%emt 0:00:00]} Nc6 {[%emt 0:00:02]} 3. Bb2 {[%emt 0:00:01]} Nf6 {[%emt 0:00:07]} 4. d3 {[%emt 0:00:03]} e6 {[%emt 0:00:04]} 5. f4 {[%emt 0:00:01]} d5 {[%emt 0:00:01]} 6. e5 {[%emt 0:00:02]} Nd7 {[%emt 0:00:05]} 7. Nf3 {[%emt 0:00:01]} Be7 {[%emt 0:00:05]} 8. Qe2 {[%emt 0:00:03]} O-O {[%emt 0:00:09]} 9. g3 {[%emt 0:00:01]} f6 {[%emt 0:00:03]} 10. exf6 {[%emt 0:00:04]} Nxf6 {[%emt 0:00:02]} 11. Bh3 {[%emt 0:00:01]} Qd6 {[%emt 0:00:30]} 12. O-O {[%emt 0:00:06]} d4 {[%emt 0:00:11]} 13. Nbd2 {[%emt 0:00:06]} b5 {[%emt 0:00:13]} 14. a4 {[%emt 0:00:07]} bxa4 {[%emt 0:00:46]} 15. Rxa4 {[%emt 0:00:06]} Nd5 {[%emt 0:00:06]} 16. Nc4 {[%emt 0:00:10]} Qd7 {[%emt 0:00:05]} 17. Re1 {[%emt 0:00:03]} Rf6 {[%emt 0:00:11]} 18. Nce5 {[%emt 0:00:12]} Nxe5 {[%emt 0:00:10]} 19. Nxe5 {[%emt 0:00:03]} Qe8 {[%emt 0:00:04]} 20. Ng4 {[%emt 0:00:13]} Rg6 {[%emt 0:00:05]} 21. Bg2 {[%emt 0:00:10]} Bb7 {[%emt 0:00:05]} 22. Ne5 {[%emt 0:00:09]} Rh6 {[%emt 0:00:06]} 23. Bc1 {[%emt 0:00:06]} Rf6 {[%emt 0:00:16]} 24. Ng4 {[%emt 0:00:05]} Rg6 {[%emt 0:00:03]} 25. Be4 {[%emt 0:00:04]} Bc6 {[%emt 0:00:03]} 26. Ra1 {[%emt 0:00:04]} Rxg4 {[%emt 0:00:05]} 27. Qxg4 {[%emt 0:00:01]} Nf6 {[%emt 0:00:01]} 28. Qxe6+ {[%emt 0:00:04]} 1-0

[Event "GER-chW Blitz 2019"]
[Site "Magdeburg"]
[Date "2019.05.25"]
[Round "16.10"]
[White "Rath, Alina"]
[Black "Ries, Jutta"]
[Result "1-0"]
[WhiteElo "2042"]
[BlackElo "2017"]
[Annotator "NA"]
[PlyCount "135"]
[EventDate "2019.05.25"]
[EventType "tourn"]
[EventCountry "GER"]
[SourceTitle "playchess.com"]
[Source "ChessBase"]
[SourceQuality "1"]
[TimeControl "180+2"]

1. c4 {[%emt 0:00:00]} Nf6 {[%emt 0:00:00]} 2. Nc3 {[%emt 0:00:01]} d5 {[%emt 0:00:05]} 3. cxd5 {[%emt 0:00:02]} Nxd5 {[%emt 0:00:01]} 4. g3 {[%emt 0:00:00]} e5 {[%emt 0:00:06]} 5. Bg2 {[%emt 0:00:02]} c6 {[%emt 0:00:00]} 6. d3 {[%emt 0:00:06]} Be6 {[%emt 0:00:07]} 7. Nf3 {[%emt 0:00:02]} Nd7 {[%emt 0:00:02]} 8. Ng5 {[%emt 0:00:09]} Nxc3 {[%emt 0:00:32]} 9. bxc3 {[%emt 0:00:02]} Bd5 {[%emt 0:00:01]} 10. e4 {[%emt 0:00:03]} Be7 {[%emt 0:00:01]} 11. exd5 {[%emt 0:00:19]} Bxg5 {[%emt 0:00:01]} 12. dxc6 {[%emt 0:00:02]} bxc6 {[%emt 0:00:12]} 13. Bxc6 {[%emt 0:00:14]} Bxc1 {[%emt 0:00:28]} 14. Rxc1 {[%emt 0:00:20]} Rc8 {[%emt 0:00:03]} 15. Bg2 {[%emt 0:00:30]} Qa5 {[%emt 0:00:01]} 16. Qd2 {[%emt 0:00:09]} O-O {[%emt 0:00:02]} 17. O-O {[%emt 0:00:02]} Rfd8 {[%emt 0:00:01]} 18. Rfd1 {[%emt 0:00:04]} Nc5 {[%emt 0:00:02]} 19. d4 {[%emt 0:00:10]} Na4 {[%emt 0:00:40]} 20. Qe1 {[%emt 0:00:25]} Nb2 {[%emt 0:00:30]} 21. Rd2 {[%emt 0:00:16]} Nc4 {[%emt 0:00:01]} 22. Re2 {[%emt 0:00:08]} exd4 {[%emt 0:00:04]} 23. cxd4 {[%emt 0:00:02]} Qxe1+ {[%emt 0:00:03]} 24. Rcxe1 {[%emt 0:00:01]} g6 {[%emt 0:00:04]} 25. d5 {[%emt 0:00:04]} Nb6 {[%emt 0:00:07]} 26. Re7 {[%emt 0:00:09]} Nxd5 {[%emt 0:00:05]} 27. Rxa7 {[%emt 0:00:03]} Nb4 {[%emt 0:00:05]} 28. a3 {[%emt 0:00:04]} Nc6 {[%emt 0:00:01]} 29. Ra6 {[%emt 0:00:06]} Nd4 {[%emt 0:00:02]} 30. a4 {[%emt 0:00:10]} Rc2 {[%emt 0:00:01]} 31. Ra8 {[%emt 0:00:07]} Rxa8 {[%emt 0:00:04]} 32. Bxa8 {[%emt 0:00:02]} Ra2 {[%emt 0:00:01]} 33. Re8+ {[%emt 0:00:04]} Kg7 {[%emt 0:00:01]} 34. Bd5 {[%emt 0:00:01]} Rxa4 {[%emt 0:00:03]} 35. Re7 {[%emt 0:00:01]} Nf5 {[%emt 0:00:07]} 36. Rxf7+ {[%emt 0:00:02]} Kh6 {[%emt 0:00:02]} 37. Rc7 {[%emt 0:00:04]} Ra6 {[%emt 0:00:07]} 38. Bg8 {[%emt 0:00:01]} Ng7 {[%emt 0:00:02]} 39. Kg2 {[%emt 0:00:02]} g5 {[%emt 0:00:01]} 40. h3 {[%emt 0:00:01]} Kg6 {[%emt 0:00:01]} 41. Bc4 {[%emt 0:00:01]} Rd6 {[%emt 0:00:02]} 42. Bb3 {[%emt 0:00:01]} h5 {[%emt 0:00:01]} 43. Bc2+ {[%emt 0:00:01]} Kf6 {[%emt 0:00:01]} 44. Ra7 {[%emt 0:00:03]} Rc6 {[%emt 0:00:02]} 45. Be4 {[%emt 0:00:02]} Rd6 {[%emt 0:00:01]} 46. Bf3 {[%emt 0:00:01]} Ne6 {[%emt 0:00:01]} 47. Bxh5 {[%emt 0:00:01]} Rd2 {[%emt 0:00:05]} 48. Rf7+ {[%emt 0:00:02]} Ke5 49. Bg4 {[%emt 0:00:03]} Nd4 {[%emt 0:00:05]} 50. Re7+ {[%emt 0:00:01]} Kf6 {[%emt 0:00:03]} 51. Rd7 {[%emt 0:00:02]} Ke5 {[%emt 0:00:05]} 52. h4 {[%emt 0:00:01]} gxh4 {[%emt 0:00:05]} 53. gxh4 {[%emt 0:00:01]} Rb2 {[%emt 0:00:00]} 54. h5 {[%emt 0:00:03]} Rb6 {[%emt 0:00:02]} 55. Kg3 {[%emt 0:00:04]} Nc6 {[%emt 0:00:02]} 56. Rd1 {[%emt 0:00:02]} Ne7 {[%emt 0:00:01]} 57. Re1+ {[%emt 0:00:01]} Kf6 {[%emt 0:00:01]} 58. f3 {[%emt 0:00:01]} Ng8 {[%emt 0:00:01]} 59. Kh4 {[%emt 0:00:01]} Rb4 {[%emt 0:00:02]} 60. Re6+ {[%emt 0:00:02]} Kg7 {[%emt 0:00:00]} 61. Ra6 {[%emt 0:00:01]} Nf6 {[%emt 0:00:02]} 62. h6+ {[%emt 0:00:07]} Kf7 {[%emt 0:00:03]} 63. Ra7+ {[%emt 0:00:03]} Kg6 {[%emt 0:00:01]} 64. Ra6 {[%emt 0:00:01]} Kf7 {[%emt 0:00:02]} 65. Kg3 {[%emt 0:00:03]} Nh7 {[%emt 0:00:02]} 66. Bf5 {[%emt 0:00:02]} Nf8 {[%emt 0:00:02]} 67. h7 {[%emt 0:00:02]} Rb7 {[%emt 0:00:02]} 68. h8=Q {[%emt 0:00:05]} 1-0